Let us have mercy on Pakistan (Record no. 297617)
[ view plain ]
| 000 -LEADER | |
|---|---|
| fixed length control field | 00298 a2200121 4500 |
| 001 - CONTROL NUMBER | |
| control field | 62544 |
| 082 ## - DEWEY DECIMAL CLASSIFICATION NUMBER | |
| Classification number | 954.91 MUM |
| 090 ## - LOCALLY ASSIGNED LC-TYPE CALL NUMBER (OCLC); LOCAL CALL NUMBER (RLIN) | |
| -- | 37185 |
| -- | 37185 |
| 100 ## - MAIN ENTRY--PERSONAL NAME | |
| Personal name | Mumtaz Hussain, Brig ( R ) |
| 245 ## - TITLE STATEMENT | |
| Title | Let us have mercy on Pakistan |
| 260 ## - PUBLICATION, DISTRIBUTION, ETC. | |
| Place of publication, distribution, etc. | Rawalpindi |
| Name of publisher, distributor, etc. | Mumtaz Hussain |
| Date of publication, distribution, etc. | 2008 |
| 300 ## - PHYSICAL DESCRIPTION | |
| Extent | 335 p. |
| 942 ## - ADDED ENTRY ELEMENTS (KOHA) | |
| Institution code [OBSOLETE] | NUST-CAE |
| Call number prefix | 954.91 MUM |
| Withdrawn status | Lost status | Damaged status | Not for loan | Collection code | Permanent Location | Current Location | Date acquired | Total Checkouts | Full call number | Barcode | Date last seen | Price effective from | Koha item type |
|---|---|---|---|---|---|---|---|---|---|---|---|---|---|
| College of Aeronautical Engineering (CAE) | College of Aeronautical Engineering (CAE) | 04/03/2017 | 954.91 MUM | CAE82060 | 04/05/2017 | 04/05/2017 | Book | ||||||
| College of Aeronautical Engineering (CAE) | College of Aeronautical Engineering (CAE) | 04/03/2017 | 954.91 MUM | CAEG-6063 | 04/05/2017 | 04/05/2017 | Book |
